Changemakers : (Record no. 5662)

MARC details
000 -LEADER
fixed length control field 01175cac a22002891u 4500
090 ## - LOCALLY ASSIGNED LC-TYPE CALL NUMBER (OCLC); LOCAL CALL NUMBER (OCLC)
-- 5662
008 - FIXED-LENGTH DATA ELEMENTS--GENERAL INFORMATION
fixed length control field 081106t1992 xxu||||| |||| 00| 0 eng d
010 ## - LIBRARY OF CONGRESS CONTROL NUMBER
LC control number 92001050
020 ## - INTERNATIONAL STANDARD BOOK NUMBER
International Standard Book Number 0415074436
020 ## - INTERNATIONAL STANDARD BOOK NUMBER
International Standard Book Number 0415074444 (pbk.)
082 00 - DEWEY DECIMAL CLASSIFICATION NUMBER
Classification number 155.924
Item number STE
100 ## - MAIN ENTRY--PERSONAL NAME
Personal name Stewart, Louis H.
245 10 - TITLE STATEMENT
Title Changemakers :
Remainder of title a Jungian perspective on sibling position and the family atmosphere /
Statement of responsibility, etc Louis H. Stewart.
260 ## - PUBLICATION, DISTRIBUTION, ETC. (IMPRINT)
Place of publication, distribution, etc London ;
-- New York :
Name of publisher, distributor, etc Routledge,
Date of publication, distribution, etc 1992.
300 ## - PHYSICAL DESCRIPTION
Extent xii, 203 p. :
Other physical details 1 ill. ;
Dimensions 22 cm.
500 ## - GENERAL NOTE
General note distributer: Al-Ahram
504 ## - BIBLIOGRAPHY, ETC. NOTE
Bibliography, etc Includes bibliographical references (p. [188]-198) and indexes.
511 ## - PARTICIPANT OR PERFORMER NOTE
Participant or performer note catalogued by: wessam
600 10 - SUBJECT ADDED ENTRY--PERSONAL NAME
Personal name Jung, C. G.
Dates associated with a name 1875-1961.
650 #0 - SUBJECT ADDED ENTRY--TOPICAL TERM
Topical term or geographic name as entry element Birth order.
650 #0 - SUBJECT ADDED ENTRY--TOPICAL TERM
Topical term or geographic name as entry element Social change
General subdivision Psychological aspects.
650 #0 - SUBJECT ADDED ENTRY--TOPICAL TERM
Topical term or geographic name as entry element Politicians
General subdivision Psychology
-- Case studies.
650 #0 - SUBJECT ADDED ENTRY--TOPICAL TERM
Topical term or geographic name as entry element Psychoanalysts
General subdivision Psychology
-- Case studies.
856 42 - ELECTRONIC LOCATION AND ACCESS
Materials specified Publisher description
Uniform Resource Identifier <a href="http://www.loc.gov/catdir/enhancements/fy0702/92001050-d.html">http://www.loc.gov/catdir/enhancements/fy0702/92001050-d.html</a>
942 ## - ADDED ENTRY ELEMENTS (KOHA)
Item type Book - Borrowing
Call number prefix 155.924STE
Source of classification or shelving scheme Dewey Decimal Classification
Holdings
Withdrawn status Item status Damaged status Not for loan Home library Current library Shelving location Date acquired Source of acquisition Total Checkouts Total Renewals Full call number Barcode Date last seen Date last borrowed Koha item type
        Central Library Central Library Lower Floor 01/11/2007 Purchase 3 14 155.924STE 000006678 15/07/2025 30/04/2009 Book - Borrowing